000 00408nam a2200097Ia 4500
008 180130s9999 xx 000 0 und d
245 _cGiguruwa, Nishantha; Anh, Danh Hoang; Pishva, Davar
_aA multimedia integrated framework for learning management systems
260 _c2015
300 _aBook title: An integrated approach to e-learning--Acession number C20654; pages 153-172
650 _aEDUCATION--E-LEARNING
999 _c353731
_d353731